000 00563nam a2200205Ia 4500
003 OSt
005 20220925224456.0
006 a|||||r|||| 00| 0
007 ta
008 220923b |||||||| |||| 00| 0 eng d
037 _cGeneral Book
040 _aRTL
_cRTL
_beng
041 _2eng
_aeng
082 _aX:326, K5;2/TD
100 _aDOBB Maurice
245 0 _aOn economic theory and socialism.
260 _aLondon
_bRoutledge & Kegan Paul Ltd.
_c1965
942 _hX:326, K5;2/TD
_cGB
_2CC
999 _c581549
_d581549